Khwen Tama A´ : (Registro nro. 11845)

000 -CABECERA
campo de control de longitud fija 01498nam a2200289 a 4500
001 - NÚMERO DE CONTROL
campo de control 000087263
005 - FECHA Y HORA DE LA ÚLTIMA TRANSACCIÓN
campo de control 20200120224938.0
008 - DATOS DE LONGITUD FIJA--INFORMACIÓN GENERAL
campo de control de longitud fija 190815s2017 ck a 000 | spa d
020 ## - NÚMERO INTERNACIONAL ESTÁNDAR DEL LIBRO
Número Internacional Estándar del Libro 9789586916097
020 ## - NÚMERO INTERNACIONAL ESTÁNDAR DEL LIBRO
Número Internacional Estándar del Libro 9789587850345
041 0# - CÓDIGO DE LENGUA
Código de lengua del texto/banda sonora o título independiente spa
090 ## - LOCALMENTE ASIGNADO TIPO-LC NÚMERO DE CLASIFICACIÓN (OCLC); NÚMERO DE CLASIFICACIÓN LOCAL (RLIN)
Número de clasificación (OCLC) (R) ; Numero de clasificación, CALL (RLIN) (NR) ALM
Número cutter local (OCLC) ; Número de libro/Signatura topográfica íntegra, CALL (RLIN) YONG
100 1# - ENTRADA PRINCIPAL--NOMBRE DE PERSONA
Nombre de persona Yonda, Gustavo
245 10 - MENCIÓN DE TÍTULO
Título Khwen Tama A´ :
Resto del título Juan Tama de la Estrella /
Mención de responsabilidad, etc. Textos e ilustraciones de Gustavo Yonda; editor Fredy Ordóñez.
246 2# - FORMA VARIANTE DE TÍTULO
Título propio/Titulo breve Juan Tama de la estrella
250 ## - MENCIÓN DE EDICIÓN
Mención de edición 2a ed.
260 ## - PUBLICACIÓN, DISTRIBUCIÓN, ETC.
Lugar de publicación, distribución, etc. Bogotá :
Nombre del editor, distribuidor, etc. Ministerio de Educación Nacional,
Fecha de publicación, distribución, etc. 2017.
300 ## - DESCRIPCIÓN FÍSICA
Extensión 54 páginas, [10] páginas sin numerar :
Otras características físicas ilustraciones en color ;
Dimensiones 22 cm.
490 #0 - MENCIÓN DE SERIE
Mención de serie Territorios Narrados;Río de letras
Designación de volumen o secuencia 18
520 3# - SUMARIO, ETC.
Sumario, etc. "El plan Nacional de Lectura y Escritura (Leer es mi cuento) creó el proyecto territorios narrados como una iniciativa pedagógica que busca fomentar las competencias comunicativas de estudiantes de preescolar, básica y media en los contextos de la educación indígena propia y la etnoeducación. El proyecto promueve que las prácticas de la lectura y escritura sean herramientas esenciales para el fortalecimiento de la identidad cultural y la atención educativa a grupos étnicos desde el Ministerio de Educación Nacional."
546 ## - NOTA DE LENGUA/LENGUAJE
Nota de lengua/lenguaje Texto en nasa yuwe y español
650 14 - PUNTO DE ACCESO ADICIONAL DE MATERIA--TÉRMINO DE MATERIA
Término de materia o nombre geográfico como elemento de entrada Literatura indigena Colombiana
650 24 - PUNTO DE ACCESO ADICIONAL DE MATERIA--TÉRMINO DE MATERIA
Término de materia o nombre geográfico como elemento de entrada Leyendas indigenas colombianas
650 24 - PUNTO DE ACCESO ADICIONAL DE MATERIA--TÉRMINO DE MATERIA
Término de materia o nombre geográfico como elemento de entrada Indigenas en la literatura
650 24 - PUNTO DE ACCESO ADICIONAL DE MATERIA--TÉRMINO DE MATERIA
Término de materia o nombre geográfico como elemento de entrada paeces
650 24 - PUNTO DE ACCESO ADICIONAL DE MATERIA--TÉRMINO DE MATERIA
Término de materia o nombre geográfico como elemento de entrada Vida social y costumbres
Existencias
Estado de retiro Estado de pérdida Fuente del sistema de clasificación o colocación Estado dañado No para préstamo Código de colección Localización permanente Ubicación/localización actual Fecha de adquisición Número de inventario Total de préstamos Signatura topográfica completa Código de barras Fecha visto por última vez Fecha del último préstamo Número de copia Precio válido a partir de Tipo de ítem Koha Nota pública
          Literatura Adulto Biblioteca Pública San Juan Bosco Biblioteca Pública San Juan Bosco 20/01/2020 NT 1 ALM YONG MOS019779 19/05/2021 03/05/2021 ej.1 20/01/2020 Libro Literatura Quince días
          Colección General Sede: La Armonía de Usca Sede: La Armonía de Usca 10/02/2021     863.08 C15k MUS000114 10/02/2021   ej.1 10/02/2021 Libro Ocho dias

© Todos los derechos reservados para la Biblioteca Pública Municipal San Juan Bosco, 2020
Secretaria de Cultura de Mosquera
Carrera 3 N° 10 Esquina Centro Cultural Barrio El Carmén Teléfono: 8270830 Ext: 34
Funcionando con KOHA
Contacto: Biblioteca Pública Municipal San Juan Bosco/ bibliotecasanjuanbosco@mosquera-cundinamarca.gov.co
Mosquera, Cundinamarca